| 000 | 02205cam a22005174i 4500 | ||
|---|---|---|---|
| 003 | PE-LiUPU | ||
| 005 | 20250731165503.0 | ||
| 008 | 150623s r 000 0 d | ||
| 020 | _a185075974X | ||
| 035 | _a(Sirsi) i9781850759744 | ||
| 040 |
_aPE-LiUPU _bspa _cPE-LiUPU _erda |
||
| 049 | _aPRUA | ||
| 082 | 0 | 4 |
_a225.077 _bJ _221 |
| 245 | 0 | 0 |
_aNew readings in John : _bliterary and theological perspectives. Essays from the scandinavian conference on the fourth gospel Arhus 1997. _n182 / _ceditado por Johannes Nissen y Sigfred Pedersen. |
| 264 | 1 |
_aSheffield, Inglaterra : _bSheffield Academic Press, _c1999. |
|
| 300 |
_a269 páginas ; _c24 centímetros |
||
| 336 |
_atext _2rdacontent |
||
| 337 |
_aunmediated _2rdamedia |
||
| 338 |
_avolume _2rdacarrier |
||
| 490 | 0 |
_aJournal for the Study of the New Testament. Supplement Series ; _v182 |
|
| 504 | _aIncluye bibliografía. | ||
| 505 | 0 | _aJohanine research. -The gospel of John as literature: literacy readings of fourth gospel. -The implied reader in John's gospel. -Old Testament imagery in John. -Irony and sectarism iin the gospel of John. -Johanine anomalies and the synoptics. -The Qumran scrolls and the John's gospel. -John's understanding of the death of Jesus. | |
| 526 | _aSEG44 | ||
| 526 | _aSEG26 | ||
| 526 | _aP151 | ||
| 526 | _aP150 | ||
| 526 | _aP149 | ||
| 526 | _aP146 | ||
| 526 | _aP145 | ||
| 526 | _aP126 | ||
| 526 | _aP125 | ||
| 526 | _aP92 | ||
| 526 | _aP75 | ||
| 526 | _aP74 | ||
| 526 | _aP27 | ||
| 526 | _aP15 | ||
| 630 |
_aBiblia. _pN.T. _pJuan _vEnsayos. |
||
| 700 | 1 |
_aNnissen, Johannes, _eed. |
|
| 700 | 1 |
_aPedersen, Sigfred, _eed. |
|
| 942 |
_2ddc _cBOOK |
||
| 949 |
_aRC 225.077 J 182 _wDEWEY _c1 _i46445 _lCCODEBUL1 _mBUL _r0 _sY _tBOOK _u2015-6-24 _xTEOLOGIA _PP35 _0COMPRA _o.CIRCNOTE. No olvidar cambiar la fecha de devolución!!!!!!! _o.STAFF. Colección General |
||
| 994 |
_aC0 _bPEPRU |
||
| 596 | _a1 | ||
| 999 |
_aRC 225.077 J 182 _wDEWEY _c23212 _i46445 _f2021-11-8 _g7 _lCCODEBUL1 _mBUL _r1 _sY _tBOOK _u2015-6-24 _xTEOLOGIA _PP35 _0COMPRA _o.CIRCNOTE. No olvidar cambiar la fecha de devolución!!!!!!! _o.STAFF. Colección General _d23212 |
||
| 980 |
_81 _gALBERTO SANCHEZ Responsable de Automatización |
||